[Event "C-Turnier"]
[Site "Hessische Einzelmeisterschaft"]
[Date "2010.04.01"]
[Round "2"]
[White "Günther, Andreas"]
[Black "Will, Patrick"]
[Result "0-1"]
[WhiteElo "1802"]
[BlackElo "1886"]
[PlyCount "78"]
[EventDate "2010.??.??"]

1. Nf3 g6 2. g3 b6 3. Bg2 Bb7 4. O-O Bg7 5. d3 d5 6. c3 Nf6 7. Nbd2 O-O 8. Qc2
c5 9. e4 e6 10. exd5 Nxd5 11. Nc4 h6 12. d4 Nd7 13. Rd1 Qc7 14. Ne3 N5f6 15. b3
Rac8 16. Bb2 Rfd8 17. c4 cxd4 18. Nxd4 a6 19. Nf3 Be4 20. Qe2 Qb7 21. Rd2 Nc5
22. Rad1 Qe7 23. Be5 Ne8 24. Bxg7 Kxg7 25. Ne5 Qc7 26. Rxd8 Rxd8 27. Rxd8 Qxd8
28. Bxe4 Nxe4 29. Qb2 f6 30. Nf3 a5 31. Qd4 N8d6 32. a3 Qc7 33. Nd2 Ng5 34. h4
Ngf7 35. Ne4 Ne8 36. c5 b5 37. Ng4 e5 38. Qd5 f5 39. Nd6 Nexd6 $138 0-1

[Event "C-Turnier"]
[Site "Hessische Einzelmeisterschaft"]
[Date "2010.04.01"]
[Round "2"]
[White "Faqiry, Ramat"]
[Black "Risius, Philipp"]
[Result "1-0"]
[WhiteElo "1977"]
[BlackElo "1777"]
[PlyCount "111"]
[EventDate "2010.??.??"]

1. Nf3 d5 2. d4 Bf5 3. g3 Nf6 4. Bg2 e6 5. O-O Nbd7 6. Bf4 h6 7. c3 Nh5 8. Bc1
Bd6 9. Nbd2 Nhf6 10. c4 c6 11. b3 O-O 12. Bb2 Re8 13. Ne5 Ng4 14. e4 Ndxe5 15.
dxe5 Nxe5 16. exf5 Nd3 17. Bc3 Bc5 18. Nf3 dxc4 19. bxc4 exf5 20. Qc2 Re7 21.
Rad1 Rd7 22. Ne5 Nxe5 23. Bxe5 Rxd1 24. Rxd1 Qa5 25. Bc3 Bb4 26. Bxb4 Qxb4 27.
Rb1 Qa5 28. Rxb7 Rd8 29. Rb1 Rd2 30. Qb3 Qc5 31. Qe3 Qxe3 32. fxe3 Rc2 33. Bxc6
Rxc4 34. Bd5 Rc3 35. e4 Rc5 36. Rb7 fxe4 37. Bxe4 f5 38. Bd3 a5 39. Rb5 Rxb5
40. Bxb5 Kf7 41. Kf2 Ke6 42. Ke3 Ke5 43. Bc6 g5 44. h4 Kd6 45. hxg5 hxg5 46.
Be8 Kc5 47. Bg6 f4+ 48. gxf4 gxf4+ 49. Kxf4 Kb4 50. Bf7 a4 51. Ke4 Ka3 52. Kd4
Kb4 53. Kd3 Ka3 54. Kc2 Kb4 55. Kb2 a3+ 56. Kc2 1-0

[Event "C-Turnier"]
[Site "Hessische Einzelmeisterschaft"]
[Date "2010.04.01"]
[Round "2"]
[White "Lahr, Marcus"]
[Black "Fußnecker, Manfred"]
[Result "0-1"]
[WhiteElo "2006"]
[BlackElo "1963"]
[PlyCount "58"]
[EventDate "2010.??.??"]

1. c4 e5 2. g3 Nc6 3. Bg2 f5 4. Nc3 Nf6 5. d3 Bb4 6. Nf3 O-O 7. O-O Bxc3 8.
bxc3 Qe8 9. Rb1 d6 10. c5 d5 11. Qb3 e4 12. Ne1 Be6 13. Bf4 Qd7 14. Nc2 Nh5 15.
Rbd1 Nxf4 16. gxf4 Qe7 17. Nd4 Nxd4 18. cxd4 b6 19. Rc1 Rf6 20. a4 Rh6 21. dxe4
fxe4 22. f5 Bf7 23. Qg3 Qf6 24. cxb6 axb6 25. Rxc7 Qxf5 26. Rfc1 Rg6 27. Qe5
Qh3 28. Kf1 Rxg2 29. Qe7 Rf8 0-1

[Event "C-Turnier"]
[Site "Hessische Einzelmeisterschaft"]
[Date "2010.04.01"]
[Round "2"]
[White "Zimmer, Gerald"]
[Black "Wiegand, Helmut"]
[Result "0-1"]
[WhiteElo "1796"]
[BlackElo "1891"]
[PlyCount "72"]
[EventDate "2010.??.??"]

1. d4 Nf6 2. c4 e6 3. Nc3 b6 4. e4 Bb4 5. Bg5 h6 6. Bxf6 Qxf6 7. e5 Qe7 8. a3
Bxc3+ 9. bxc3 Bb7 10. Nf3 d6 11. Bd3 Nd7 12. Qe2 O-O-O 13. Be4 f5 14. Bxb7+
Kxb7 15. O-O g5 16. exd6 cxd6 17. d5 e5 18. Nd4 Qf7 19. Nc6 Rc8 20. a4 Nb8 21.
Nxb8 Rxb8 22. a5 Qc7 23. Rfb1 Ka8 24. axb6 Rxb6 25. Qa2 Rhb8 26. Rxb6 Qxb6 27.
Qc2 Qb2 28. Qd1 Rb3 29. c5 dxc5 30. d6 Rb8 31. d7 Rd8 32. Qd5+ Qb7 33. Qxc5
Qxd7 34. g3 e4 35. Kg2 f4 36. gxf4 gxf4 $138 0-1

[Event "C-Turnier"]
[Site "Hessische Einzelmeisterschaft"]
[Date "2010.04.01"]
[Round "2"]
[White "Egenolf, Dirk"]
[Black "Mussler, Thomas"]
[Result "0-1"]
[WhiteElo "1911"]
[BlackElo "2118"]
[PlyCount "104"]
[EventDate "2010.??.??"]

1. e4 c5 2. Nf3 Nc6 3. d4 cxd4 4. Nxd4 Nf6 5. Nc3 e5 6. Ndb5 d6 7. Bg5 a6 8.
Na3 b5 9. Bxf6 gxf6 10. Nd5 Bg7 11. c3 f5 12. Qf3 f4 13. g4 Rb8 14. h4 Ne7 15.
Nxe7 Qxe7 16. Nc2 Be6 17. Nb4 Qb7 18. Nd5 O-O 19. g5 Bxd5 20. exd5 e4 21. Qd1
Rfe8 22. Qb3 Qb6 23. h5 b4 24. c4 Qd4 25. Rd1 Qxb2 26. Qxb2 Bxb2 27. Rg1 Bc3+
28. Ke2 Kg7 29. Rg4 Be5 30. Rb1 a5 31. Kd1 a4 32. Kc2 Rec8 33. f3 e3 34. Bd3
Rc7 35. g6 fxg6 36. hxg6 h6 37. Rh4 Ra7 38. Rbh1 b3+ 39. Kb1 bxa2+ 40. Kxa2
Rb2+ 41. Ka3 Rb3+ 42. Ka2 Rxd3 43. Rxh6 Kg8 44. Rb1 Ra8 45. Rb7 Rd2+ 46. Ka3
Rg2 47. c5 dxc5 48. Re7 Bd4 49. d6 Bb2+ 50. Ka2 Bf6+ 51. Ka3 Bxe7 52. dxe7 Re8
0-1

[Event "C-Turnier"]
[Site "Hessische Einzelmeisterschaft"]
[Date "2010.04.01"]
[Round "2"]
[White "Launert, Martin"]
[Black "Rump, Andreas"]
[Result "0-1"]
[WhiteElo "1892"]
[BlackElo "1866"]
[PlyCount "75"]
[EventDate "2010.??.??"]

1. e4 d6 2. d4 g6 3. Nc3 Bg7 4. Be3 Nd7 5. f4 b6 6. Nf3 Bb7 7. Bd3 e6 8. Qd2
Ngf6 9. h3 a6 10. O-O O-O 11. f5 d5 12. Ng5 dxe4 13. fxe6 exd3 14. exd7 dxc2
15. Nf3 Qxd7 16. Qxc2 Nd5 17. Bg5 f6 18. Bd2 Kh8 19. Rae1 Rae8 20. Rxe8 Rxe8
21. Re1 Ne7 22. d5 Rd8 23. Bf4 Bxd5 24. Nxd5 Nxd5 25. Bg3 c6 26. Bf2 c5 27. Rd1
Qb7 28. Qc4 Rd7 29. Qe4 Qa8 30. Qe6 Qd8 31. Bh4 Rd6 32. Qe4 Kg8 33. Ne5 Qa8 34.
Nc4 Rd8 35. Qe6+ Kh8 36. Nd6 h6 37. Rxd5 Kh7 38. g3 $138 0-1

[Event "C-Turnier"]
[Site "Hessische Einzelmeisterschaft"]
[Date "2010.04.01"]
[Round "2"]
[White "Rack, Matthias"]
[Black "Kazic, Bruno"]
[Result "1-0"]
[WhiteElo "2056"]
[BlackElo "1749"]
[PlyCount "89"]
[EventDate "2010.??.??"]

1. d4 Nf6 2. c4 g6 3. Nc3 Bg7 4. e4 d6 5. f3 Nc6 6. d5 Ne5 7. f4 Ned7 8. Bd3
Nc5 9. Bc2 e6 10. Nf3 exd5 11. cxd5 O-O 12. O-O Re8 13. Re1 Bd7 14. Rb1 c6 15.
b4 Na6 16. dxc6 bxc6 17. Be3 Ng4 18. Bd4 Bxd4+ 19. Qxd4 Qb6 20. a3 Qxd4+ 21.
Nxd4 c5 22. bxc5 Nxc5 23. Nd5 Rac8 24. h3 Ne6 25. hxg4 Nxd4 26. Bd1 Kg7 27. g5
Nc2 28. Bxc2 Rxc2 29. Nf6 Rd8 30. Rb7 Bc6 31. Rxa7 h6 32. Re3 hxg5 33. fxg5 Rc5
34. Rg3 Re5 35. Rg4 d5 36. Rc7 dxe4 37. Rxc6 e3 38. Rc1 e2 39. Re1 Rd1 40. Kf2
Rd3 41. Rxe2 Rf5+ 42. Kg1 Rxa3 43. Re8 Rxf6 44. gxf6+ Kxf6 45. Rf4+ 1-0

[Event "C-Turnier"]
[Site "Hessische Einzelmeisterschaft"]
[Date "2010.04.01"]
[Round "2"]
[White "Enders, Georg"]
[Black "Machlin, Maxim"]
[Result "1-0"]
[WhiteElo "2011"]
[BlackElo "1933"]
[PlyCount "55"]
[EventDate "2010.??.??"]

1. e4 Nf6 2. e5 Nd5 3. d4 d6 4. c4 Nb6 5. exd6 cxd6 6. Nc3 g6 7. Be3 Bg7 8. Nf3
Nc6 9. h3 O-O 10. Be2 e5 11. dxe5 Nxe5 12. Nxe5 dxe5 13. Qb3 Nd7 14. Rd1 Qa5
15. Rd5 Qa6 16. c5 Qe6 17. Bc4 Nf6 18. Rd6 Qf5 19. O-O Ne8 20. Rd8 Qf6 21. Rfd1
Nc7 22. Ne4 Qc6 23. Bxf7+ Kh8 24. Rxf8+ Bxf8 25. Nd6 Bf5 26. Bc4 Kg7 27. Qc3
Bxd6 28. cxd6 1-0

[Event "C-Turnier"]
[Site "Hessische Einzelmeisterschaft"]
[Date "2010.04.01"]
[Round "2"]
[White "Ritscher, Georg"]
[Black "Adair, Robin"]
[Result "1-0"]
[WhiteElo "1962"]
[BlackElo "2038"]
[PlyCount "75"]
[EventDate "2010.??.??"]

1. e4 c5 2. Nf3 Nc6 3. d4 cxd4 4. Nxd4 Nf6 5. Nc3 e5 6. Ndb5 d6 7. Nd5 Nxd5 8.
exd5 Nb8 9. c4 Be7 10. Bd3 a6 11. Nc3 O-O 12. O-O f5 13. f3 Nd7 14. Be3 Qe8 15.
Re1 Bh4 16. Re2 Qh5 17. Bf2 Bxf2+ 18. Rxf2 Nc5 19. Bc2 b6 20. Qd2 Bb7 21. Re1
Rae8 22. Re3 Qh4 23. b3 Rf6 24. g3 Qh3 25. Rg2 Ref8 26. b4 Nd7 27. f4 Qh6 28.
Ba4 Bc8 29. Bxd7 Bxd7 30. fxe5 dxe5 31. Rxe5 f4 32. Ne4 Rg6 33. Re7 Bh3 34. Rf2
Qh4 35. d6 Be6 36. Rxe6 Rxe6 37. gxh4 Rxe4 38. Qd5+ 1-0

[Event "C-Turnier"]
[Site "Hessische Einzelmeisterschaft"]
[Date "2010.04.01"]
[Round "2"]
[White "Kobs, Stephan"]
[Black "Sterzik, Peter"]
[Result "1/2-1/2"]
[WhiteElo "2020"]
[BlackElo "1742"]
[PlyCount "77"]
[EventDate "2010.??.??"]

1. e4 e5 2. Nf3 Nc6 3. Bb5 a6 4. Ba4 Nf6 5. d4 exd4 6. O-O Be7 7. Re1 b5 8. e5
Nxe5 9. Nxe5 bxa4 10. Qxd4 O-O 11. Bg5 Re8 12. Nc3 Bb7 13. Qxa4 Nd5 14. Bxe7
Rxe7 15. Qb3 Nb6 16. Nc4 Rxe1+ 17. Rxe1 d5 18. Na5 Bc8 19. Nc6 Qd7 20. Nxd5 Bb7
21. Nde7+ Kf8 22. Qb4 Bxc6 23. Nxc6+ Kg8 24. Ne7+ Kh8 25. Qe4 Rd8 26. h4 h6 27.
Qf3 f6 28. Qe4 Qd4 29. Qg6 Qxh4 30. Nf5 Qg5 31. Re8+ Rxe8 32. Qxe8+ Kh7 33. Ne7
Qc1+ 34. Kh2 Qf4+ 35. Kh3 Qc4 36. Ng6 Qxc2 37. Nf8+ Kg8 38. Ng6+ Kh7 39. Nf8+
1/2-1/2

[Event "C-Turnier"]
[Site "Hessische Einzelmeisterschaft"]
[Date "2010.04.01"]
[Round "2"]
[White "Tonn, Peter"]
[Black "Engelbert, Thomas"]
[Result "1/2-1/2"]
[WhiteElo "2000"]
[BlackElo "1762"]
[PlyCount "160"]
[EventDate "2010.??.??"]

1. d4 Nf6 2. Nf3 g6 3. c4 Bg7 4. Nc3 O-O 5. e4 d6 6. Be2 e5 7. dxe5 dxe5 8.
Qxd8 Rxd8 9. Bg5 Re8 10. Rd1 c6 11. Nxe5 Nxe4 12. Nxe4 Bxe5 13. Nd6 Bxd6 14.
Rxd6 Bf5 15. Kd2 Nd7 16. Be3 Nb6 17. b3 Rad8 18. Rxd8 Rxd8+ 19. Kc3 Be4 20. Rg1
f6 21. g4 g5 22. Rd1 Rxd1 23. Bxd1 Kf7 24. a4 Nc8 25. Kd4 Bg6 26. Bf3 Ke6 27.
a5 Kd6 28. b4 b6 29. c5+ bxc5+ 30. bxc5+ Kd7 31. Kc3 Ne7 32. Bd4 Ke6 33. Kb4
Bd3 34. Kc3 Bg6 35. Kd2 Bb1 36. Ke3 Bg6 37. Bg2 h5 38. h3 hxg4 39. hxg4 Bc2 40.
Kd2 Bb3 41. Bc3 Bc4 42. Bf3 Bd5 43. Be2 Ng6 44. Ke3 Nf4 45. Bf1 Ke7 46. f3 Ne6
47. Be2 Kf7 48. a6 Nf4 49. Bf1 Ke7 50. Ba5 Be6 51. Kd4 Bc8 52. Bb6 Bxa6 53.
Bxa6 axb6 54. cxb6 Kd7 55. Bc4 Kc8 56. Ba6+ Kd7 57. Ke4 Nd5 58. Kf5 Kd6 59. Kg6
c5 60. Bb7 Nxb6 61. Kxf6 Nd5+ 62. Kxg5 c4 63. Ba6 c3 64. Bd3 Ke5 65. Bc2 Ne3
66. f4+ Ke6 67. Bb3+ Ke7 68. f5 Kf8 69. f6 c2 70. Bxc2 Nxc2 71. Kg6 Nb4 72. Kh7
Nd5 73. Kg6 Kg8 74. g5 Kf8 75. Kf5 Kf7 76. g6+ Kf8 77. Ke6 Nf4+ 78. Kf5 Nd5 79.
Kg5 Kg8 80. f7+ Kg7 1/2-1/2

[Event "C-Turnier"]
[Site "Hessische Einzelmeisterschaft"]
[Date "2010.04.01"]
[Round "2"]
[White "Arnold, Michael"]
[Black "Geringer, Waldemar"]
[Result "0-1"]
[WhiteElo "1846"]
[BlackElo "1949"]
[PlyCount "82"]
[EventDate "2010.??.??"]

1. e4 c5 2. Nc3 Nc6 3. f4 g6 4. Nf3 Bg7 5. Bc4 d6 6. O-O Nf6 7. d3 Bg4 8. Ne2
Bxf3 9. Rxf3 a6 10. a4 Rb8 11. Bd2 b5 12. axb5 axb5 13. Bb3 O-O 14. Qe1 e6 15.
Qh4 Nh5 16. Qh3 Nd4 17. Nxd4 Bxd4+ 18. Kh1 c4 19. c3 Bg7 20. Bd1 f5 21. exf5
exf5 22. d4 Nf6 23. Bc2 Re8 24. Re3 Qd7 25. Rae1 Kf7 26. Kg1 d5 27. Kf2 Ng4+
28. Kf1 Nxe3+ 29. Rxe3 Rxe3 30. Bxe3 b4 31. g4 fxg4 32. Qxh7 Qe6 33. f5 Qxe3
34. Qxg6+ Kg8 35. f6 Qf3+ 36. Kg1 Qxf6 37. Qh5 Qh6 38. Qxd5+ Kh8 39. Qf5 Rf8
40. Qe4 Qc1+ 41. Kg2 Qf1+ 0-1

[Event "C-Turnier"]
[Site "Hessische Einzelmeisterschaft"]
[Date "2010.04.01"]
[Round "2"]
[White "Förster, Rudi"]
[Black "Warnk, Torsten"]
[Result "1-0"]
[WhiteElo "1939"]
[BlackElo "1977"]
[PlyCount "87"]
[EventDate "2010.??.??"]

1. e4 c5 2. c3 Nc6 3. d4 cxd4 4. cxd4 d5 5. exd5 Qxd5 6. Be3 e5 7. Nc3 Bb4 8.
a3 Bxc3+ 9. bxc3 exd4 10. Bxd4 Nxd4 11. Qxd4 Nf6 12. Qxd5 Nxd5 13. Bb5+ Bd7 14.
Bxd7+ Kxd7 15. O-O-O Kc6 16. Kc2 Rhe8 17. Nf3 Re2+ 18. Rd2 Rxd2+ 19. Kxd2 Rd8
20. Nd4+ Kc5 21. Nb3+ Kc6 22. Nd4+ Kc7 23. Re1 Rd7 24. g3 a6 25. Kc2 g6 26. Re8
Nf6 27. Re2 Kb6 28. h3 Rc7 29. Re5 h6 30. Kd3 Nd7 31. Re8 Nc5+ 32. Kc2 Na4 33.
Ne2 Ka5 34. Ra8 h5 35. g4 hxg4 36. hxg4 Nc5 37. Re8 Ka4 38. Nd4 Kxa3 39. Re1
Ka2 40. Rb1 Na4 41. Ne2 Nxc3 42. Rb2+ Ka3 43. Nxc3 b5 44. Rb3# 1-0

[Event "C-Turnier"]
[Site "Hessische Einzelmeisterschaft"]
[Date "2010.04.01"]
[Round "2"]
[White "Francke, Helmut"]
[Black "Berrou, Mohammed"]
[Result "0-1"]
[WhiteElo "1987"]
[BlackElo "2016"]
[PlyCount "76"]
[EventDate "2010.??.??"]

1. Nf3 Nf6 2. g3 d5 3. Bg2 c5 4. d3 Nc6 5. O-O e5 6. Na3 Be6 7. c4 d4 8. Nc2
Bd6 9. a3 O-O 10. Rb1 a5 11. b3 Nd7 12. Bd2 Qe7 13. Ng5 Bf5 14. Ne4 Bxe4 15.
Bxe4 f5 16. Bd5+ Kh8 17. b4 axb4 18. Bxc6 bxc6 19. axb4 e4 20. bxc5 Bxc5 21.
Bb4 Rad8 22. Bxc5 Nxc5 23. Nb4 Qe6 24. f4 Nd7 25. Kg2 Nf6 26. h3 Rfe8 27. Qa4
c5 28. Nc6 Ra8 29. Qb5 exd3 30. exd3 Ra2+ 31. Rf2 Rxf2+ 32. Kxf2 Qe3+ 33. Kg2
Nh5 34. Ne5 Qxg3+ 35. Kh1 Qxh3+ 36. Kg1 Qe3+ 37. Kg2 Nxf4+ 38. Kf1 Qe2+ 0-1

[Event "C-Turnier"]
[Site "Hessische Einzelmeisterschaft"]
[Date "2010.04.01"]
[Round "2"]
[White "Gutacker, Stephan"]
[Black "Wilhelm, Holger"]
[Result "1-0"]
[WhiteElo "1936"]
[BlackElo "1857"]
[PlyCount "109"]
[EventDate "2010.??.??"]

1. e4 e6 2. d4 d5 3. Nd2 Nf6 4. e5 Nfd7 5. Bd3 c5 6. c3 Nc6 7. Ne2 Qb6 8. Nf3
cxd4 9. cxd4 Bb4+ 10. Bd2 Bxd2+ 11. Qxd2 Qb4 12. Rc1 Qxd2+ 13. Nxd2 Nb4 14. Bb1
Nb6 15. a3 Nc6 16. Bd3 f6 17. exf6 gxf6 18. f4 Bd7 19. O-O O-O-O 20. b4 Kb8 21.
Nb3 Ne7 22. Nc5 Nbc8 23. b5 Nd6 24. a4 f5 25. Rc2 Ne4 26. Rb1 Ng8 27. a5 Ngf6
28. Rbc1 Rhg8 29. b6 Nxc5 30. dxc5 a6 31. Nd4 Bc8 32. c6 Rde8 33. cxb7 Bxb7 34.
Rc7 Rc8 35. Bxa6 Rxc7 36. Rxc7 Ba8 37. Nxe6 Re8 38. Nd4 Ng4 39. Kf1 Ne3+ 40.
Kf2 Ng4+ 41. Kg3 Rg8 42. Kh4 Ne3 43. g3 Nc4 44. Rxh7 Nxa5 45. Nxf5 Bc6 46. Nd4
Ba4 47. g4 Nc4 48. Bxc4 dxc4 49. Rc7 c3 50. Rxc3 Kb7 51. f5 Bd1 52. g5 Rh8+ 53.
Kg3 Rh5 54. h4 Kxb6 55. f6 1-0

[Event "C-Turnier"]
[Site "Hessische Einzelmeisterschaft"]
[Date "2010.04.01"]
[Round "2"]
[White "Fröhlich-Dill, Astrid"]
[Black "Eibelshäuser, Stefan"]
[Result "0-1"]
[WhiteElo "1910"]
[BlackElo "2057"]
[PlyCount "72"]
[EventDate "2010.??.??"]

1. d4 d5 2. Nf3 Nf6 3. e3 e6 4. Bd3 c5 5. c3 Nc6 6. Nbd2 Bd6 7. O-O O-O 8. e4
cxd4 9. cxd4 Nb4 10. Bb1 dxe4 11. Nxe4 Nbd5 12. Nxd6 Qxd6 13. Ne5 b6 14. a4 Rd8
15. Qe2 Bb7 16. Be3 Rac8 17. Bd3 Nb4 18. Rac1 Qd5 19. f3 Nxd3 20. Nxd3 Qb3 21.
Rxc8 Rxc8 22. Qd1 Qd5 23. Qd2 Ba6 24. Rc1 Rxc1+ 25. Qxc1 Qb3 26. Ne5 Nd5 27.
Kf2 f6 28. Ng4 h5 29. Qc6 Kf7 30. Qd7+ Ne7 31. Ne5+ fxe5 32. Bg5 Qxb2+ 33. Kg3
Qb4 34. dxe5 Qc5 35. f4 Be2 36. Qxa7 Qe3+ 0-1

[Event "C-Turnier"]
[Site "Hessische Einzelmeisterschaft"]
[Date "2010.04.01"]
[Round "2"]
[White "Winter, Lars"]
[Black "Haftmann, Rainer"]
[Result "0-1"]
[WhiteElo "1974"]
[BlackElo "1881"]
[PlyCount "124"]
[EventDate "2010.??.??"]

1. e4 e5 2. Nf3 Nc6 3. Bb5 a6 4. Bxc6 dxc6 5. O-O f6 6. d4 exd4 7. Nxd4 c5 8.
Ne2 Qxd1 9. Rxd1 Bd7 10. Bf4 O-O-O 11. Nbc3 Ne7 12. h3 g6 13. Nd5 Nxd5 14. Rxd5
Be7 15. Rad1 Be6 16. Rxd8+ Rxd8 17. Rxd8+ Kxd8 18. a3 Kd7 19. Be3 f5 20. Ng3
Bf6 21. c3 b6 22. exf5 gxf5 23. Nh5 Bh8 24. Nf4 Bb3 25. g4 fxg4 26. hxg4 Bd1
27. g5 Bf3 28. Nd3 c4 29. Ne1 Be4 30. f3 Bb1 31. Kf2 c5 32. Ng2 Kc6 33. Nf4 Bf5
34. Ne2 b5 35. Ng3 Bb1 36. f4 Kd5 37. f5 Be5 38. Ne2 Bxf5 39. Kf3 a5 40. Bd2
Bg6 41. Nf4+ Kd6 42. Ng2 Bf7 43. Ne3 Be6 44. Ke4 b4 45. Nd1 Bg7 46. Bf4+ Kc6
47. Be5 Bf8 48. a4 b3 49. Ne3 Bf7 50. Bf6 Bg6+ 51. Ke5 Bd3 52. Nd5 Bd6+ 53. Ke6
Bf5+ 54. Kxf5 Kxd5 55. Kg4 Be5 56. Bxe5 Kxe5 57. Kh5 Kf5 58. Kh6 Kg4 59. g6
hxg6 60. Kxg6 Kf4 61. Kf6 Ke4 62. Ke6 Kd3 0-1

[Event "C-Turnier"]
[Site "Hessische Einzelmeisterschaft"]
[Date "2010.04.01"]
[Round "2"]
[White "Herms, Thorsten"]
[Black "Rätsch, Kurt"]
[Result "0-1"]
[WhiteElo "1746"]
[BlackElo "2069"]
[PlyCount "78"]
[EventDate "2010.??.??"]

1. d4 e6 2. Nf3 b6 3. e3 Bb7 4. Bd3 Nf6 5. Nbd2 d5 6. O-O Bd6 7. Re1 O-O 8. e4
dxe4 9. Nxe4 Nbd7 10. Bg5 Be7 11. Ne5 Nxe4 12. Bxe7 Qxe7 13. Bxe4 Bxe4 14. Rxe4
Nf6 15. Rh4 c5 16. Qf3 cxd4 17. Nc6 Qc5 18. Rd1 e5 19. b4 Qd6 20. b5 a6 21. a4
axb5 22. axb5 Ra3 23. Qf5 Re8 24. g4 Qe6 25. Qg5 Rf3 26. Re1 Qd6 27. Nxe5 Rc3
28. Qf5 Rc5 29. f4 g6 30. Qd3 Rc3 31. Qe2 Nd5 32. Qf2 Ne3 33. Re2 Ra8 34. Nxf7
Ra1+ 35. Re1 Rxe1+ 36. Qxe1 Qxf4 37. Nh6+ Kg7 38. g5 Qxg5+ 39. Ng4 Nxg4 0-1

[Event "C-Turnier"]
[Site "Hessische Einzelmeisterschaft"]
[Date "2010.04.01"]
[Round "2"]
[White "Zilch, Lothar"]
[Black "Wachtel, Johann"]
[Result "1-0"]
[WhiteElo "2021"]
[BlackElo "1738"]
[PlyCount "110"]
[EventDate "2010.??.??"]

1. c4 f5 2. d4 g6 3. Nc3 Bg7 4. e4 d6 5. Nf3 c6 6. Bd3 fxe4 7. Nxe4 Bf5 8. O-O
Bxe4 9. Bxe4 Nf6 10. Bc2 Qd7 11. Re1 Na6 12. Bb3 Nc7 13. Qe2 Rf8 14. Bd2 Ng8
15. Bc3 Bf6 16. Rad1 O-O-O 17. Ba4 d5 18. c5 Rf7 19. Ba5 Rdf8 20. Rf1 h5 21.
Bc2 g5 22. Bg6 Rg7 23. Bxh5 g4 24. Ne5 Bxe5 25. Qxe5 Nf6 26. f3 Nxh5 27. Qxh5
g3 28. h3 Ne6 29. Qe5 Rg5 30. Qe3 Nf4 31. Rde1 e5 32. Qd2 Rh5 33. Rxe5 Rh7 34.
Rfe1 Rhf7 35. R1e3 Rh7 36. Qe1 Rhh8 37. Qxg3 Nxh3+ 38. gxh3 Rhg8 39. Rg5 Rxg5
40. Qxg5 Qh7 41. Qe7 Qxe7 42. Rxe7 Rxf3 43. Kg2 Rd3 44. Bc3 b6 45. cxb6 axb6
46. h4 c5 47. dxc5 d4 48. cxb6 dxc3 49. b7+ Kb8 50. bxc3 Rxc3 51. h5 Rc2+ 52.
Kg3 Rxa2 53. h6 Ra6 54. h7 Rh6 55. Re8+ Kxb7 1-0

[Event "C-Turnier"]
[Site "Hessische Einzelmeisterschaft"]
[Date "2010.04.01"]
[Round "2"]
[White "Genis, Roy"]
[Black "Mersinger, Ralf"]
[Result "1-0"]
[WhiteElo "1947"]
[BlackElo "1728"]
[PlyCount "55"]
[EventDate "2010.??.??"]

1. e4 c6 2. d4 d5 3. e5 Bf5 4. Nf3 e6 5. Be2 Nd7 6. O-O a6 7. Be3 c5 8. c3 c4
9. Nbd2 Qb6 10. b4 cxb3 11. axb3 Rc8 12. c4 Bb4 13. c5 Qc7 14. Nh4 Ne7 15. Nxf5
Nxf5 16. Bd3 Bc3 17. Ra4 Bxd2 18. Qxd2 Nxe3 19. fxe3 Nb8 20. b4 Qd7 21. b5 O-O
22. Rfa1 f6 23. c6 bxc6 24. bxa6 Qa7 25. Rb4 Rc7 26. exf6 Rxf6 27. Qb2 Rf8 28.
Rb7 1-0

[Event "C-Turnier"]
[Site "Hessische Einzelmeisterschaft"]
[Date "2010.04.01"]
[Round "2"]
[White "Koculak, Eduard"]
[Black "Kaulfuss, Christa"]
[Result "0-1"]
[WhiteElo "1727"]
[BlackElo "1933"]
[PlyCount "105"]
[EventDate "2010.??.??"]

1. d4 Nc6 2. Nf3 d6 3. Bf4 e6 4. e3 Nf6 5. h3 Be7 6. Be2 O-O 7. O-O h6 8. c4 a6
9. Nc3 d5 10. c5 Nh7 11. a3 Ng5 12. Qc2 f5 13. b4 Bf6 14. Rad1 Bd7 15. Ne1 Be8
16. f3 Bf7 17. Nd3 Re8 18. Nf2 Qe7 19. Rfe1 Rad8 20. Bd3 g6 21. b5 axb5 22.
Bxb5 Kg7 23. Rb1 Rb8 24. Qa4 Ra8 25. Qc2 Rxa3 26. Bxc6 bxc6 27. Ne2 e5 28. dxe5
Bxe5 29. Bxe5+ Qxe5 30. f4 Nxh3+ 31. Nxh3 Qxe3+ 32. Kf1 d4 33. Neg1 Qc3 34.
Qxc3 Rxc3 35. Rxe8 Bxe8 36. Rd1 d3 37. Nf3 Bf7 38. Ne5 Bd5 39. Nf2 Rxc5 40.
Nfxd3 Rc2 41. Ne1 Rc3 42. N1f3 Rc2 43. Rd2 Rc1+ 44. Kf2 g5 45. fxg5 hxg5 46.
Nxg5 Kf6 47. Ngf3 Rc3 48. Nd3 c5 49. Nf4 Bxf3 50. gxf3 Ke5 51. Nd5 Rc1 52. Nxc7
c4 53. Rd5+ {Handy tralala...} 0-1

[Event "C-Turnier"]
[Site "Hessische Einzelmeisterschaft"]
[Date "2010.04.01"]
[Round "2"]
[White "Juhnke, Peter"]
[Black "Rausch, Wolfgang"]
[Result "1-0"]
[WhiteElo "1931"]
[BlackElo "1804"]
[PlyCount "84"]
[EventDate "2010.??.??"]

1. e4 Nf6 2. e5 Nd5 3. c4 Nb6 4. c5 Nd5 5. Nc3 Nxc3 6. bxc3 d5 7. d4 c6 8. Bd3
b6 9. cxb6 axb6 10. Ne2 e6 11. O-O c5 12. Be3 c4 13. Bc2 Nc6 14. a4 Be7 15. f4
f5 16. exf6 Bxf6 17. Ng3 O-O 18. Nh5 g6 19. Nxf6+ Qxf6 20. Bc1 Rf7 21. Ba3 Qd8
22. g3 Ne7 23. Qe1 Qc7 24. Bxe7 Rxe7 25. h4 Qb8 26. Kg2 Rea7 27. h5 gxh5 28.
Qe2 Rg7 29. Qxh5 Bd7 30. Rae1 Qe8 31. Qh6 Qf8 32. Rh1 Ra7 33. Bxh7+ Kf7 34.
Qh5+ Kf6 35. Qe5+ Kf7 36. Bc2 Qa3 37. Qe3 Qb2 38. Re2 Qa3 39. Rf1 Ke8 40. f5
Re7 41. f6 Rf7 42. Bg6 Rxa4 1-0

[Event "C-Turnier"]
[Site "Hessische Einzelmeisterschaft"]
[Date "2010.04.01"]
[Round "2"]
[White "Baskin, Robert"]
[Black "Minor, Dieter"]
[Result "1/2-1/2"]
[WhiteElo "1828"]
[BlackElo "1888"]
[PlyCount "90"]
[EventDate "2010.??.??"]

1. e4 e6 2. d4 d5 3. Nc3 Nf6 4. e5 Nfd7 5. f4 c5 6. Nf3 Nc6 7. Be3 c4 8. Be2 a6
9. f5 Be7 10. O-O Qb6 11. Qc1 Nf8 12. Kh1 Qd8 13. fxe6 Nxe6 14. Qe1 O-O 15. Qg3
b5 16. a3 Ra7 17. Nd1 f6 18. exf6 Bxf6 19. c3 Raf7 20. Nf2 Kh8 21. Nh3 Ne7 22.
Qf2 Nf5 23. Rae1 Nh4 24. Nhg1 Ng6 25. g3 Be7 26. Qg2 Bd6 27. Nd2 Be7 28. Bh5
Rxf1 29. Rxf1 Rxf1 30. Qxf1 Nef8 31. Qf7 Be6 32. Qf2 a5 33. Ngf3 Bf6 34. Ne1
Qe7 35. Ng2 b4 36. axb4 axb4 37. Nf4 Nxf4 38. Qxf4 bxc3 39. bxc3 Qa3 40. Qb8
Bh3 41. Nb1 Qe7 42. Qe8 Kg8 43. Qxe7 Bxe7 44. Bf3 Be6 45. Kg2 Kf7 1/2-1/2

[Event "C-Turnier"]
[Site "Hessische Einzelmeisterschaft"]
[Date "2010.04.01"]
[Round "2"]
[White "Larem, Peter"]
[Black "Storkebaum, Ulrike"]
[Result "0-1"]
[WhiteElo "1921"]
[BlackElo "1867"]
[PlyCount "114"]
[EventDate "2010.??.??"]

1. e4 e5 2. d4 exd4 3. c3 d5 4. exd5 Qxd5 5. cxd4 Nc6 6. Nf3 Bg4 7. Be2 Bb4+ 8.
Nc3 Nf6 9. O-O Bxc3 10. bxc3 O-O 11. Re1 Rfe8 12. c4 Qa5 13. Bd2 Qa3 14. Bc1
Qd6 15. Be3 a5 16. Rc1 Nb4 17. a3 Na6 18. c5 Qd5 19. h3 Bh5 20. g4 Bg6 21. Bc4
Qd7 22. Ne5 Qe7 23. Qb3 c6 24. Bd2 Qc7 25. f4 a4 26. Qa2 Red8 27. Be3 Nd5 28.
f5 Bxf5 29. gxf5 Nxc5 30. Bxd5 Rxd5 31. dxc5 Rxe5 32. Qg2 f6 33. Rcd1 Qf7 34.
Rd6 Rae8 35. Qf2 Qb3 36. Bd2 Rxe1+ 37. Bxe1 Qxa3 38. Rd7 Qxh3 39. Rxb7 Qg4+ 40.
Kh2 h5 41. Rb2 Kh7 42. Bc3 a3 43. Ra2 Re4 44. Qg2 Qxf5 45. Rxa3 Rh4+ 46. Kg1
Qxc5+ 47. Qf2 Rg4+ 48. Kf1 Qxa3 49. Qf5+ Kh6 50. Bd2+ Rg5 51. Bxg5+ fxg5 52.
Qe6+ g6 53. Qxc6 Qh3+ 54. Ke2 Qh2+ 55. Ke3 Qe5+ 56. Kf2 Qf4+ 57. Ke2 g4 0-1